00452nam a2200097Ia 4500008004100000100003200041245011800073260006400191650001500255856008400270160712s9999 xx 000 0 und d aPatajo-Legasto, Priscelina. cPriscelina Patajo-LegastoaThe Politics of Representation and Location: Women-Centered Theater in the Philippines c2015bJournal of English Studies and Comparative Literature xLITERATURE uhttp://journals.upd.edu.ph/index.php/jescl/issue/view/Special%20Edition/showToc